01039nab a2200181 i 4500001000400000003000400004005001700008008003900025040000800064080001500072100017200087245011400259260001000373500002100383520029500404650002500699773013300724BPPBPK20151006095742.0151006s2002 pl | | |000 ||pol cBPK a331.56/.57 aKOŁODZIEJCZAK-BARSZCZOWSKA, Joanna.d1999 - 2006.bPolitechnika Koszalińska - Wydział Ekonomii i Zarządzania,cKatedra Metod Ilościowych - Zakład Ekonometrii  aPrzestrzenne zróżnicowanie poziomu bezrobocia w Polsce (1999-2001) /cJoanna Kołodziejczak-Barszczowska. c2002. aDane z autopsji. aOpracowanie ma na celu zbadanie przestrzennego zróżnicowania poziomu bezrobocia w Polsce 1990-2000 i w I kwartale 2001 roku w poszczególnych województwach. Wykonane zostało przede wszystkim na podstawie danych statystycznych dostępnych w różnych materiałach źródłowych. 0aPolska - bezrobocie. iW :tKoszalińskie Studia i Materiały. -dKoszalin : Wydaw. Uczelniane Politechniki Koszalińskiej, 2002. -gnr 4, s. 181-189